| 000 | 00698nam a2200217Ii 4500 | ||
|---|---|---|---|
| 001 | 23234 | ||
| 003 | CO-ViMGA | ||
| 008 | 241108s9999||||xx |||||||||||||| ||und|| | ||
| 020 | _a9789587203103 | ||
| 040 |
_aCO-ViMGA _bspa _erda _cCO-ViMGA |
||
| 041 | 0 | _aspa | |
| 082 | 0 | 4 | _a658.4 R38c |
| 100 | 1 |
_aRivas Montoya, Luz María _951680 |
|
| 245 | 1 | 0 |
_aConocimiento gerencial : _bEl caso de una empresa multinegocios : Suramericana S.A. |
| 264 | 1 | _aBogotá, Colombia : Fondo Editorial Universidad EAFIT, 2015 | |
| 300 | _avolumen | ||
| 336 |
_atext _btxt _2rdacontent |
||
| 337 |
_aunmediated _bn _2rdamedia |
||
| 338 |
_avolume _bnc _2rdacarrier |
||
| 940 | _aidficha_siabuc: 22285. -- ficha_no_siabuc:23234 | ||
| 999 |
_c46412 _d46412 |
||